000 00565nam a2200193Ia 4500
003 OSt
005 20250113150851.0
008 210210b1981 xxu||||| |||| 00| 0 eng d
040 _cAL
041 _aKannada
082 _a928K SHRD
100 _aSHRI HARSHA (M S).
_9135868
_d ಶ್ರೀ ಹರ್ಷ (ಎಂಎಸ್)
245 _aDevudu narasimhashastri.
_bದೇವುಡು ನರಸಿಂಹಶಾಸ್ತ್ರಿ
260 _aBengaluru
_bA B H Prakashana
_c1981
300 _a44
690 _aBiography
_9135869
906 _a038806
942 _2ddc
_cBK
999 _c88701
_d88701